Advancing frontiers of mycology and plant pathology (Record no. 52571)

MARC details
000 -LEADER
fixed length control field 00413nam a2200157Ia 4500
008 - FIXED-LENGTH DATA ELEMENTS--GENERAL INFORMATION
fixed length control field 230917s9999||||xx |||||||||||||| ||und||
020 ## - ISBN
Price RS250
040 ## - CATALOGING SOURCE
-- 679
Original cataloging agency VIVEKANANDA LIBRARY
041 ## - Language
-- English
082 ## - DDC NUMBER
Classification number 581.2 B492A
100 ## - MAIN ENTRY--PERSONAL NAME
Personal name Bilgrami, K S, ed.
245 #0 - TITLE STATEMENT
Title Advancing frontiers of mycology and plant pathology
260 ## - PUBLICATION, DISTRIBUTION, ETC. (IMPRINT)
Place of publication, distribution, etc New Delhi
Name of publisher, distributor, etc Today and Tomorrow's
Date of publication, distribution, etc 1981
300 ## - PHYSICAL DESCRIPTION
Pages xxvi, 330 p.
942 ## - ADDED ENTRY ELEMENTS (KOHA)
Koha item type Books
Holdings
Withdrawn status Lost status Damaged status Not for loan Location (home branch) Sublocation or collection (holding branch) Date acquired Koha issues (times borrowed) Koha full call number Accession No. Koha date last seen Koha item type
        VIVEKANANDA LIBRARY VIVEKANANDA LIBRARY 08/08/2002   581.2 B492A 121629 17/09/2023 Books
© Designed and Maintained by Vivekananda Library, MDU Rohtak